00976nam a2200229 a 4500001001000000003000500010005001700015008004100032010001100073011001100084040000900095100002600104245025800130260004100388500006000429502007700489650002700566650001900593650002700612700003700639856007000676000109590CHAP20220329144056.0140513s2014 mx a |sm |||||||spa|d a106052 a107024 cCHAP1 aRoldan Aguilar, Edgar10aEvaluación de dos enrraizadores Rooting y Ruter AA en el desarrollo radicular y crecimiento de plantulas de aguacate (Persea americana cv. Reed) en Chapingo, Estado de Méxicoh[En línea]cpor Edgar Roldan Aguilar y Vicente Rodrigo Sántiz Mendez. aChapingo, Méx. :bEl autor,c2014. aPara ver el contenido del material haga clic en la liga aTesis (Ing. Agr. Esp. en Fitotecnia) -- UACH. Departamento de Fitotecnia14aAguacatexPlántulas.14aEnraizamiento.14aRaícesxCrecimiento.1 aSántiz Mendez, Vicente Rodrigo aFinding aiduhttp://10.13.5.2/tesis/sist109590.pdfzTeclea aquí